Mastering The Artificial Intelligence (AI) Skills For Professionals/ (Record no. 207251)

MARC details
000 -LEADER
fixed length control field 00762nam a22002057a 4500
005 - DATE AND TIME OF LATEST TRANSACTION
control field 20241129150434.0
010 ## - LCCN (DPL NO)
LC control number ENG-142731
020 ## - INTERNATIONAL STANDARD BOOK NUMBER
International Standard Book Number 9789393766182
Terms of availability 220.00
035 ## - SYSTEM CONTROL NUMBER
System control number EN-126263
037 ## - SOURCE OF ACQUISITION
Source of stock number/acquisition DBAD
082 ## - DEWEY DECIMAL CLASSIFICATION NUMBER
Classification number 006.3
100 ## - MAIN ENTRY--PERSONAL NAME
Personal name Lohia, Rajesh
245 ## - TITLE STATEMENT
Title Mastering The Artificial Intelligence (AI) Skills For Professionals/
Remainder of title By Rajesh Lohia
250 ## - EDITION STATEMENT
Edition statement 1
260 ## - PUBLICATION, DISTRIBUTION, ETC. (IMPRINT)
Place of publication, distribution, etc Madhya Pradesh
Name of publisher, distributor, etc Xcess Infostore Pvt. Ltd.
Date of publication, distribution, etc 2023
270 ## - ADDRESS
Address 213, Silver Mall , Block B,8/A,R.N.T. Marg, Indore
City Madhya Pradesh
Postal code 452001
Telephone number 9826012052
-- 94794724245
Electronic mail address info@xcessbooks.com
300 ## - PHYSICAL DESCRIPTION
Extent 146p.
Dimensions 21cm(pb)
500 ## - GENERAL NOTE
General note • Company Secretaries • Chartered Accountants, and • Cost Accountants
942 ## - ADDED ENTRY ELEMENTS (KOHA)
Source of classification or shelving scheme Dewey Decimal Classification
Item type English Books
Classification part 006.3
Call number suffix LOH
Holdings
Withdrawn status Lost status Not for loan Collection code Home library Current library Date acquired Source of acquisition Cost, normal purchase price Full call number Barcode Copy number Cost, replacement price Koha item type
      Non-fiction Kadipur Kadipur 29/11/2024 Delivery of Books Act Division 220.00 006.3 LOH EN-126263 1 220.00 English Books

© Delhi Public Library
Hit Counter
free hit counter